First aid handbook. (Record no. 112472)
[ view plain ]
| 000 -LEADER | |
|---|---|
| fixed length control field | 00371nam a2200133 a 4500 |
| 005 - DATE AND TIME OF LATEST TRANSACTION | |
| control field | 20140414131937.0 |
| 008 - FIXED-LENGTH DATA ELEMENTS--GENERAL INFORMATION | |
| fixed length control field | 110120s19uu xx 00 eng d |
| 050 ## - LIBRARY OF CONGRESS CALL NUMBER | |
| Classification number | REF 616.02 |
| Item number | L66 2008 |
| 100 ## - MAIN ENTRY--PERSONAL NAME | |
| Personal name | Lipscombe, Susa |
| 245 ## - TITLE STATEMENT | |
| Title | First aid handbook. |
| 260 ## - PUBLICATION, DISTRIBUTION, ETC. (IMPRINT) | |
| Name of publisher, distributor, etc | WS Pacific. |
| 650 ## - SUBJECT ADDED ENTRY--TOPICAL TERM | |
| Topical term or geographic name as entry element | First aid in illness and injury |
| General subdivision | Handbooks, manuals, etc. |
| -- | |
| Withdrawn status | Lost status | Damaged status | Home library | Current library | Shelving location | Date acquired | Total Checkouts | Full call number | Barcode | Date last seen | Price effective from | Koha item type |
|---|---|---|---|---|---|---|---|---|---|---|---|---|
| Munich Library | Munich Library | Reference Section | 01/20/2011 | REF 616.02 L66 2008 | M3772 | 04/14/2014 | 04/14/2014 | Books |